| 000 | 00701cab a2200229 4500 | ||
|---|---|---|---|
| 001 | ABS37368 | ||
| 008 | 090401t1987 xxu||||| |||| 00| 0 eng d | ||
| 035 | _a(Sirsi) u3940 | ||
| 041 | _aeng | ||
| 100 | _aBurberry, P. | ||
| 245 | _aCondensation code: BS revisions | ||
| 260 | _c1987 | ||
| 350 | _a0 | ||
| 490 |
_aArchitects` Journal _v185(5) 4 February 1987, 65-66(2) |
||
| 520 | _aDescribes the revised draft BS 5250 Control of condensation in buildings and assesses whether the revisions have gone far enough. | ||
| 650 | _aBRITISH STANDARD | ||
| 650 | _aDAMPNESS | ||
| 650 | _aTHERMAL INSULATION | ||
| 690 | _aBUILT ENVIRONMENT-CONSTRUCTION DESIGN | ||
| 942 | _n0 | ||
| 948 | _c04/03/1997 | ||
| 999 |
_c2370 _d2370 |
||